Statistics for Capital Cities Breakdown Puzzle #3

Click here to take the quiz!

General Stats

  • This quiz has been taken 1,060 times
    (1,025 since last reset)
  • The average score is 19 of 30

Answer Stats

HintAnswer% Correct
Flower of romanceROSE
96%
To Kill a ____ingbirdMOCK
93%
Do, in the pastDID
90%
Skeleton partBONE
89%
Supply with weaponsARM
87%
Italian "See ya later!"CIAO
85%
'Lazy' animalSLOTH
82%
Opposite of SSWNNE
81%
Lust, envy, wrath etcSIN
81%
Tropical treePALM
80%
Beijing air pollution, eg.SMOG
79%
MADRID
77%
Jakarta's islandJAVA
73%
Cain's motherEVE
70%
Charitable giftDONATION
64%
By way of, throughVIA
64%
Light brownTAN
63%
VIENNA
60%
James Cameron filmAVATAR
58%
SARAJEVO
51%
STOCKHOLM
47%
Lyricist GershwinIRA
45%
Improvises; ad ____LIBS
45%
NICOSIA
44%
Spun thread; tall storyYARN
39%
BELMOPAN
29%
{SANTO} {DOMINGO}
27%
TIRANA
27%
BRATISLAVA
26%
YEREVAN
25%

Score Distribution

Percentile by Number Answered

Percent of People with Each Score

Your Score History

You have not taken this quiz since the last reset